书目信息 |
| 题名: |
图解电的基础知识入门
|
|
| 作者: | 菊地正典 著 ;张丹 , 余洋 , 余长江 译 | |
| 分册: | ||
| 出版信息: | 北京 机械工业出版社 2017 |
|
| 页数: | 207页 | |
| 开本: | 21cm | |
| 丛书名: | 易学易懂的理工科普丛书 | |
| 单 册: | ||
| 中图分类: | O441.1 | |
| 科图分类: | ||
| 主题词: | 电学--Dian Xue--图解 , 电磁学 , 电动力学 | |
| 电子资源: | ||
| ISBN: | 978-7-111-55594-0 | |
| 000 | 01269nam 2200373 450 | |
| 001 | CAL 012017019098 | |
| 005 | 20170619093413.55 | |
| 010 | @a978-7-111-55594-0@b@dCNY39.00 | |
| 099 | @aCAL 012017019098 | |
| 100 | @a20170306d2017 em y0chiy50 ea | |
| 101 | 1 | @achi@cjpn |
| 102 | @aCN@b110000 | |
| 105 | @aa z 001yy | |
| 106 | @ar | |
| 200 | 1 | @a图解电的基础知识入门@ATu Jie Dian De Ji Chu Zhi Shi Ru Men@f(日) 菊地正典著@g张丹, 余洋, 余长江译 |
| 210 | @a北京@c机械工业出版社@d2017 | |
| 215 | @a207页@c彩图@d21cm | |
| 225 | 2 | @a易学易懂的理工科普丛书@AYi Xue Yi Dong De Li Gong Ke Pu Cong Shu |
| 306 | @a由Soft Bank Creative授权出版,仅限中国大陆地区销售 | |
| 320 | @a有索引 | |
| 330 | @a本书深入浅出地介绍了:电究竟是什么?电有哪些性质?遵循着怎样的规律?如何来利用?等内容。 | |
| 410 | 0 | @12001 @a易学易懂的理工科普丛书 |
| 517 | 1 | @a电的基础知识入门@ADian De Ji Chu Zhi Shi Ru Men |
| 606 | 0 | @a电学@ADian Xue@j图解 |
| 606 | 0 | @a电磁学 |
| 606 | 0 | @a电动力学 |
| 690 | @aO441.1@v5 | |
| 701 | 0 | @a菊地正典@AJu Di Zheng Dian@4著 |
| 702 | 0 | @a张丹@AZhang Dan@4译 |
| 702 | 0 | @a余洋@AYu Yang@4译 |
| 702 | 0 | @a余长江@AYu Chang Jiang@4译 |
| 801 | 0 | @aCN@bZHONGJIAO@c20170609@g |
| 905 | @aBZT@dO441.1@e2 | |
| 906 | @dCNY39.00@n3@r1 | |
| 图解电的基础知识入门/(日) 菊地正典著/张丹, 余洋, 余长江译.-北京:机械工业出版社,2017 |
| 207页:彩图;21cm.-(易学易懂的理工科普丛书) |
| ISBN 978-7-111-55594-0:CNY39.00 |
| 本书深入浅出地介绍了:电究竟是什么?电有哪些性质?遵循着怎样的规律?如何来利用?等内容。 |
| ● |
| 相关链接 |
|
|
|
正题名:图解电的基础知识入门
索取号:O441.1/2
 
预约/预借
| 序号 | 登录号 | 条形码 | 馆藏地/架位号 | 状态 | 备注 |
| 1 | 831093 | 2000831093 | 第二书库/ [索取号:O441.1/2] | 在馆 | |
| 2 | 831094 | 2000831094 | 第二书库/ [索取号:O441.1/2] | 在馆 | |
| 3 | 831095 | 2000831095 | 第二书库/ [索取号:O441.1/2] | 在馆 |